000
00230nam a22000857a 4500
008
170617b xxu||||| |||| 00| 0 eng d
100
_9
3474
_a
Pasricha. J. S
245
_a
Skin and hair Health & diseas
260
_a
New Delhi
_b
N. B. T
_c
2006
999
_c
6848
_d
6848